Энциклопедия православной святости (Запис номер 397695)
[ съкратено ]
| 000 -Лидер | |
|---|---|
| Контролно поле с фиксирана дължина | nam a22 7a 4500 |
| 003 - Код на организацията, давaща контролен номер | |
| Контролно поле | BLK |
| 005 - Дата и час на последна редакция | |
| Контролно поле | 20210209111203.0 |
| 008 - Елементи от данни с фиксирана дължина | |
| fixed length control field | 210209b bu ||||| |||| 00| 0 bu d |
| 020 ## - Международен стандартен номер на книга ISBN | |
| Международен стандартен номер на книга ISBN | 5-7839-0011-7 |
| 040 ## - Източник на каталожния запис | |
| Идентификатор на билиотеката - собственик на записа | BLK |
| 041 ## - Код за език | |
| Код за езика на текст/звукозапис или на отделно заглавие | Руски |
| Код за езика КДБФ | Руски |
| 080 ## - УДК | |
| Текстов определител УДК | Източно православие. Източноправославни църкви: българска, руска, гръцка, сръбска, румънска, грузинска, македонска |
| УДК код - определител по УДК | 271.2 |
| УДК определител | (470)(031) |
| УДК - код + определител | 271.2 |
| 100 ## - Редна дума - Автор | |
| R(LIN) | 409 |
| Автор | Рогов, А. И. |
| Авторска отговорност | авт.-состав. |
| 245 ## - Сведения за заглавието | |
| Заглавие | Энциклопедия православной святости |
| Подзаглавни данни | В двух томах |
| Редно поле (дума) | Авт.-состав. А. И. Рогов, А. Г. Парменов |
| Том | Т. 2 |
| 260 ## - Област на издателските данни | |
| 9 (RLIN) | 440799 |
| Място на издаване, разпространение и проч. | Москва |
| Име на издателя, разпространителя и проч. | Лик пресс |
| Година на издаване | 1997 |
| 300 ## - Физическа характеристика | |
| Размери/Мащаб | 26 см |
| 380 ## - Жанр | |
| Жанр | Религия. Теология |
| 650 #7 - Допълнително описание по предмет – тема | |
| 9 (RLIN) | 167467 |
| Основно описание – тема или топоним | Православие |
| 650 #0 - Допълнително описание по предмет – тема | |
| 9 (RLIN) | 275170 |
| Основно описание – тема или топоним | Източноправославна църква - Русия |
| 653 #7 - Ключова дума – ненормативна | |
| 9 (RLIN) | 194332 |
| Ключова дума | православие |
| 653 #7 - Ключова дума – ненормативна | |
| 9 (RLIN) | 186344 |
| Ключова дума | енциклопедии |
| 700 ## - Други автори (авторска отговорност) | |
| 9 (RLIN) | 409 |
| Лично име | Парменов, А. Г. |
| Автороска отговорност (Описва отношението между автора и произведението) | авт.-состав. |
| 760 ## - Описание на основната серия | |
| Страници - том | 368 с. |
| Част - том | Т. 2 |
| 852 ## - Местоположение | |
| Форматна сигнатура | Цб ІІ 10496 |
| Фондова буква | Хранилище |
| 999 ## - СИСТЕМНИ КОНТРОЛНИ НОМЕРА | |
| Koha biblionumber | 397695 |
| Koha biblioitemnumber | 397695 |
| 942 ## - АРТИКУЛИ | |
| Вид на библиотечния материал | Книги |
| Скрит в OPAC | Не |
| Периодичен библиозапис | Да |
| 944 ## - СЪЗДАВАНЕ И РЕДАКЦИЯ на ЗАПИСА | |
| Създаване/Редакция | Създаване |
| Дата на регистрацията/редакция | 2021-02-09 |
| Служител, извършил регистрацията/редакцията | ВЙ |
| Код за отписване | Код за изгубен артикул | Източник на класификационната схема | Код за повреда | Коз за рестрикции | Код за отдаване | Артикулен № | Име на библиотеката - собственик | Име на библиотеката, в която се намира в момента | Статус (Текущо местоположение) | Дата на вписване в системата | Местоположение - отдел | Цена в лева | Инвентарен номер | Систематично азбучна сигнатура | Баркод | Цена в евро | Служебен тип на артикула |
|---|---|---|---|---|---|---|---|---|---|---|---|---|---|---|---|---|---|
| Не е изгубен | Universal Decimal Classification | Не е повреден | само за читалня | ползва се в читалня | 811480 | Регионална библиотека "Любен Каравелов" Русе | Регионална библиотека "Любен Каравелов" Русе | Хранилище | 2021-02-10 | Основен фонд - ползва се само за читалня | 20.00 | 652298 | Цб ІІ 10496 | 120000652298 | 10.23 | Книги |